Normal view
MARC view
- Sciences in Environmental Science - MS Thesis.
Entry Topical Term
001 - CONTROL NUMBER
- control field: 29088
003 - CONTROL NUMBER IDENTIFIER
- control field: NUST
005 - DATE AND TIME OF LATEST TRANSACTION
- control field: 20200319143817.0
008 - FIXED-LENGTH DATA ELEMENTS
- fixed length control field: 200319|| aca||aabn | a|a d
040 ## - CATALOGING SOURCE
- Original cataloging agency: NUST
- Transcribing agency: NUST
150 ## - HEADING--TOPICAL TERM
- Topical term or geographic name entry element: Sciences in Environmental Science - MS Thesis.
670 ## - SOURCE DATA FOUND
- Source citation: Work cat.: (NUST): Ahmed Khan, Waqas 29087, MONITORING AND COMPARING THE FORMALDEHYDE CONCENTRATION OVER ISLAMABAD AND PIR SOHAWA VALLEY BY EXPLOITING MAX-DOAS SATELLITE OBSERVATIONS /, 2016.
